| 000 | 00573nam a22001577a 4500 | ||
|---|---|---|---|
| 082 | _a610.28 | ||
| 100 | _aSaeed, Alina Nasir | ||
| 245 |
_aAeroallergen Sensitization in Patients with Airway Allergy in Riyadh Province Saudi Arabia / _cAlina Nasir Saeed |
||
| 260 |
_aIslamabad : _bSMME - NUST, _c2017. |
||
| 300 |
_a54 p. ; _c30cm. |
||
| 650 |
_aBio Medical Engineering-MS-Thesis _916123 |
||
| 700 |
_aDr. Nabeel Anwar _931045 |
||
| 856 | _uhttp://10.250.8.41:8080/xmlui/handle/123456789/6795 | ||
| 942 |
_2ddc _cTHE |
||
| 999 |
_c536986 _d536986 |
||